[Event "Griesheim GM"]
[Site "Griesheim"]
[Date "2002.01.28"]
[Round "6"]
[White "Schmaltz, Roland"]
[Black "Galdunts, Sergey"]
[Result "1/2-1/2"]
[WhiteElo "2534"]
[BlackElo "2510"]
[Annotator "Lukacs,P"]
[PlyCount "65"]
[EventDate "2002.01.23"]
[EventType "tourn"]
[EventRounds "9"]
[EventCountry "GER"]
[EventCategory "12"]
[SourceTitle "CBM 088"]
[Source "ChessBase"]
[SourceDate "2002.03.21"]
[SourceVersion "1"]
[SourceVersionDate "2002.03.21"]
[SourceQuality "1"]

1. e4 e5 2. Nc3 Nf6 3. g3 {The Vienna Game is a rare guest on nowaday's
tournaments, but it may lead to original, little investigated positions.} d5 (
3... Nc6 4. Bg2 Bc5 {is a different strategy avoiding the opening up of the
long /^.}) 4. exd5 Nxd5 5. Bg2 Nxc3 6. bxc3 Bd6 7. Nf3 {The N is more flexible
here than on e2.} O-O 8. O-O Nc6 9. Rb1 (9. d4 {- Finkel-Krasenkov, Panormo
2001 CBM 84 ext}) 9... Rb8 10. d4 {The insertion of Rb1 and Rb8 looks
favourable for White at first sight.} (10. d3 b6 $5 {/\ Bb7 neutralizing
White's pressure on the long /^.} (10... h6 {fighting against Ng5?} 11. Ng5 $5
{White is still willing to continue with this N jump.} hxg5 12. Bxc6 Bh3 13.
Bg2 Bxg2 14. Kxg2 Qd7 15. Bxg5 Qc6+ 16. Qf3 Qxc3 17. Rxb7 Rxb7 18. Qxb7 Qxc2
19. Qxa7 {(Riemens-Van Hul, Antwerp 1998)} Qxd3 $11 {liquidating the half of
the board.}) (10... Bd7 11. Re1 h6 12. Nh4 (12. d4 $5 Re8 {Black wants to keep
the vital e5 square forever.} 13. d5 Na5 {Now White's P structure is not so
nice.} 14. Qd3 b5 15. Nd2 f5 $132) 12... f5 {Now White can grab material.} 13.
Ng6 (13. d4 e4 14. Ng6 Re8 15. h4 Qf6 16. Nf4 {White uses the blockading
square f4 for his pieces.} Qf7 $13 {Fries Nielsen-Hartman, Stockholm 1998})
13... Re8 (13... Rf6 14. Bxc6 Bxc6 15. Nxe5 Bxe5 16. Rxe5 {and White is not
afraid of the weakened long /^?}) 14. Bd5+ Kh7 15. Bf7 {White wins the
exchange, but loses the |^ and a lot of tempi.} Be6 16. Bxe8 Qxe8 17. Nh4 g5
18. Ng2 Bxa2 19. Ra1 Be6 $44 {and Black has the ^^, a P and a nice position
for the exchange.}) 11. Ng5 Bb7 12. Qh5 (12. Nxh7 Kxh7 13. Qh5+ Kg8 14. Be4 g6
15. Bxg6 {is pretty, but leads only to a draw by perpetual checks after} fxg6
16. Qxg6+ Kh8 17. Qh6+ Kg8 18. Qg6+ {1/2:1/2 Sarno-Mantovani, Vincent 1999})
12... h6 13. Ne4 Be7 (13... f5 14. Nxd6 Qxd6 15. f4 $14 {with somewhat better
chances for White due to the ^^.}) 14. f4 f5 15. Nf2 exf4 16. Bxf4 Qd7 17. Rbe1
Bf6 $11 {and Black has successfully finished the development.}) 10... exd4 {
There are several other options as well.} (10... h6 {- Shaked-Morovic
Fernandez, FIDE-Wch k.o. 1997 CBM 83}) (10... Bf5 {- Hector-Stefansson,
Nordic-ch Visa 1997 CBM 62}) (10... Bg4 11. h3 (11. Qd3 {-
Voitsekhovsky-Yandemirov, Russian Cup 1997 CBM 62}) 11... Bxf3 (11... Bh5 12.
g4 Bg6 13. dxe5 Bc5 $5 (13... Nxe5 $6 {loses precious material after} 14. Nxe5
Bxe5 15. Qxd8 Rfxd8 16. f4 Bxc2 17. Rb2 Bd3 18. fxe5 Bxf1 19. Bxf1 $16) 14. Qe2
Qd5 15. Rb5 b6 16. Nh4 Qxe5 17. Qxe5 Nxe5 18. Rxc5 $1 {The same motif again,
White wins material.} bxc5 19. f4 Nc4 (19... Nd3 $2 {loses a whole piece after}
20. Nxg6 Nxc1 21. Nxf8 Ne2+ 22. Kf2 Nxf4 23. Nd7 $18 {Glek-Berzinsh, Biel op
MTO 1997}) 20. f5 Rfd8 21. fxg6 hxg6 22. Nf3 $14) 12. Bxf3 {Now White's ^^ is
rather active fully compensating the structural weknesses on the <<.} Qf6 13.
Be3 Na5 14. Bg2 b6 15. h4 h6 16. Qd3 $14 {W.Watson-Z.Polgar, Brussels 1987}) (
10... Re8 11. Be3 Bg4 12. h3 (12. d5 e4 13. dxc6 bxc6 14. Rxb8 Qxb8) 12... Bh5
13. g4 Bg6 14. dxe5 $1 {and suddenly >< a7 (!) begins to tell!} Nxe5 15. Nxe5
Rxe5 16. Bxa7 Ra8 17. f4 Re8 18. Rxb7 $5 (18. Bd4 Be4 19. Bxe4 Rxe4 20. Qf3 $1
$14 {Finkel-D.Pedersen, Holon EU-Jr 1995}) 18... Rxa7 19. Rxa7 Bc5+ 20. Kh1
Bxa7 21. f5 $16) 11. cxd4 {The P structure has similarities to the Russian
Game, but White's fianchettoed B is a real difference.} (11. Nxd4 Ne5 $5 {
and the doubled pawns remain.} (11... Nxd4 12. cxd4 Re8 $11) 12. Bf4 (12. Nb5
Bg4) (12. f4 Bg4) 12... Bg4 $13) 11... Bg4 (11... Bf5 12. Nh4 Bd7 13. c3 (13.
c4 $14 {Finkel}) 13... Be7 14. Nf3 Bf6 15. Re1 {The N on c6 is badly placed,
but Black has to fight against c4.} Re8 16. Rxe8+ (16. Bf4 Rxe1+ 17. Qxe1 b6
18. Rb2 Na5 19. Ne5 Bxe5 20. Bxe5 Nc4 21. Re2 Nxe5 22. Rxe5 Qf8 $11 {
Messa-Pederzoli, Reggio Emilia 1978}) 16... Qxe8 17. Bg5 Bf5 18. Rb2 $14 {
Finkel}) (11... Ne7 {- Ye Jiangchuan-Xie Jun, TCN Cup 1997 CBM 61}) 12. h3 Bh5
13. Rb5 {forcing Black to decide the fate of his pinning B.} (13. Be3 Re8 14.
Qd2 Qd7 15. Kh2 Bg6 16. Rfe1 {(Houska-Levushkina, Istanbul 2000)} Be4 $11)
13... f5 {Now at least Black's P structure is also weakened.} (13... Bg6 14.
Nh4 {Now White gets the ^^ in a fairly opened position, so Black decides to
change the course of the game.} Bxc2 15. Qxc2 Nxd4 16. Qc4 Nxb5 17. Qxb5 {
Materially Black's position is alright, but White's light pieces dominate the
board against the passive rooks.} Re8 (17... c6 18. Qa4 Qb6 (18... Bc5 19. Nf5
Re8) 19. Nf5 Qb4 20. Qc2 {White has to keep his Q for the ->.} Be5 21. Be3 Rfe8
22. Rb1 Qa5 23. Bd2 Qc7 24. Rb4 Rbd8 25. Bg5 Rc8 26. Rh4 f6 27. Be3 g6 (27...
Rcd8 $2 {was immediately punished by} 28. Nxg7 $1 $18 {Glek-G.Mainka, G/BL 1994
}) 28. Qb3+ Kh8 29. Nh6 $14) 18. Rd1 Qf6 19. Bb2 Qe6 (19... Be5 $4 {runs into
a lethal pin after} 20. Re1 $1 c6 21. Qe2 $18 {Moors-G.Mainka, G/BL2-W 1988})
20. Qg5 Bf8 21. Nf5 $36) 14. Qd3 Qd7 15. g4 $5 (15. Re1 Bxf3 $142 {Black
solves his problems by tactical means.} (15... a6 16. Rb1 f4 $5 17. g4 {
and Black has no attacking chances on the >>, meanwhile White can exploit his
chances in the [+].} Bg6 18. Qc4+ Kh8 19. d5 Na5 20. Qc3 b6 21. Bb2 Nb7 22. Ne5
Bxe5 23. Rxe5 Nd6 24. Rbe1 Rf7 25. Bf3 $14 {Stefansson-H.Olafsson, Reykjavik
1997}) 16. Bxf3 Nxd4 17. Bd5+ Kh8 18. Rxb7 Rxb7 19. Bxb7 c5 20. Bg2 f4 $132) (
15. Ne5 $5) 15... a6 (15... Bg6 16. Nh4 $1 a6 $5 (16... Nxd4 17. Rxb7 Rxb7 18.
Nxg6 hxg6 19. Bxb7 Kh8 20. Rd1 c5 21. Bg2 $14 {^^}) 17. Rb1 (17. Nxg6 hxg6 18.
Rb1 $1 (18. Rxb7 $5 {is too adventurous in view of} Rxb7 19. Qc4+ Kh8 20. Bxc6
Rb4 21. Qxb4 Qxc6 22. Qb3 fxg4 23. hxg4 Rf3) 18... Nxd4 19. gxf5 $14) 17...
fxg4 18. Nxg6 hxg6 19. Qxg6 $14 {is another try to exploit the strength of his
^^.}) 16. Rxf5 Rxf5 17. gxf5 Nb4 (17... Bf7 18. a3 (18. c4 b5) 18... b5 19. Re1
$14 {keeping his small extra P.}) 18. Qe4 (18. Qb3+ Bf7) 18... Rf8 (18... Bxf3
19. Qxf3 (19. Bxf3 Re8) 19... Qf7 20. a3 Nxc2 21. Bb2 $14 {and the N has
problems with the way out.}) 19. c3 Nc6 (19... Nxa2 $5 {is a rather
computer-like move!} 20. Qd5+ (20. Bd2 Qxf5) 20... Bf7 21. Ne5 (21. Qxb7 Qxf5)
21... Nxc3 22. Qf3 (22. Nxd7 Bxd5) 22... Bxe5 23. dxe5 $44) 20. Ng5 (20. Ne5 $5
) 20... Rxf5 (20... Qxf5 $2 {loses material after} 21. Qxf5 Rxf5 22. Be4 $16)
21. f4 $5 (21. Re1 h6 22. Qh4 Bg6 $13) 21... Bg6 (21... Nd8 22. Qd3 Bg6 23. Be4
Rf6 24. f5 Bf7 25. Nxf7 $14 {securing the advantage of the ^^ again.}) 22. Qe2
h6 (22... Nd8 23. Ne4 (23. Be4 Rf6 24. Bxg6 Rxg6 {is not a logical exchange
for White.}) (23. Qg4 Qe7 $13) 23... Be7 24. Ng3 Rf8 25. f5 Bf7 26. Nh5 Bxh5
27. Qxh5 $14 {and White has the activity and the ^^.}) 23. Ne4 Be7 24. Ng3 Rf8
({The more active} 24... Ra5 $5 {deserved attention.} 25. d5 Bc5+ (25... Rxd5
26. Bxd5+ Qxd5 27. f5 $14) 26. Kh2 Ne7 27. c4 Nf5 28. Ne4 Qe7 29. Qg4 Qf7 $13)
25. f5 Bh7 (25... Bf7 26. Nh5 $14) 26. d5 (26. Qe6+ $142 {liquidating for a
somewhat better _|_ was more to the point.} Qxe6 27. fxe6 Na5 (27... Rxf1+ 28.
Nxf1 $14) 28. Re1 b5 29. Ne4 Nc4 30. Nc5 $14 {and White's o^ on e6 is strong.})
26... Bc5+ (26... Nd8 $5) 27. Kh1 Ne7 28. f6 Rxf6 29. Rxf6 gxf6 30. Bxh6 Kf7
31. Ne4 Bxe4 32. Qxe4 Qf5 33. Bf4 {although White's ^^ is still a small chance.
} 1/2-1/2

[Event "Mermaid Beach Club"]
[Site "Bermuda"]
[Date "1999.01.30"]
[Round "10"]
[White "Waitzkin, Joshua"]
[Black "Gretarsson, Helgi Ass"]
[Result "1/2-1/2"]
[WhiteElo "2465"]
[BlackElo "2455"]
[Annotator "Lukacs,P"]
[PlyCount "68"]
[EventDate "1999.01.21"]
[EventType "tourn"]
[EventRounds "13"]
[EventCountry "BER"]
[EventCategory "9"]
[SourceTitle "CBM 069"]
[Source "ChessBase"]
[SourceDate "1999.04.01"]
[SourceVersion "1"]
[SourceVersionDate "1999.04.01"]
[SourceQuality "1"]

1. e4 e5 2. Nf3 Nc6 3. Nc3 Nf6 4. g3 d5 (4... Bc5 {is the other main line in
the Glek Variation.}) 5. exd5 Nxd5 6. Bg2 Nxc3 7. bxc3 Be7 8. Qe2 $6 {It is
rather dangerous for White to take on e5, because Black gats the lead of
development, as in the Ruy Lopez Marshall Gambit.} (8. O-O $142 O-O 9. Re1 {
is the consequent continuation and the main line.} Bf6 {Lepelletier-Marciano,
FRA-chT Marbanno 1977}) 8... O-O 9. O-O ({As it was mentioned before,
accepting the P sacrifice is dangerous for White. However without that the Qe2
move is useless.} 9. Nxe5 $2 Nxe5 10. Qxe5 Bf6 11. Qd5 Re8+ 12. Kf1 {after
losing castles White is in big trouble because of his K in the middle after}
Qe7 $17) 9... Bf6 10. d3 Bg4 (10... e4 $6 {is not a sensible exchange of pawns:
} 11. Qxe4 $1 Bxc3 12. Ng5 g6 13. Rb1 $16) 11. Rb1 {In this line one of
White's trumph is the pressure on the <-> b, especially against ><b7.} Rb8 12.
Qe3 $2 {The Q is rather misplaced here.} (12. h3 {was a better way to solve
the problem of the pin, for example:} Be6 13. c4 (13. a4 {allows} Bd5 14. c4
Nd4 15. Nxd4 Bxg2 16. Kxg2 exd4 $11) 13... a6 $13 {/\ d5}) (12. Qe4 $5 {
looks also nicer than the text move with the same purpose.} Qd7 13. Ng5 Bxg5 (
13... Bf5 {is met by} 14. Qd5) 14. Bxg5 Bh3 $11) 12... Qd7 {The control of the
/^ h3-c8 is important for Black.} 13. Re1 {White is defending against Bh3, but
this is not a good idea.} (13. c4 Nd4 $1 (13... Bh3 14. Bb2 Bxg2 15. Kxg2 Rfe8
16. Nd2 {with some pressure on the light squares.}) 14. Nxd4 (14. Nxe5 $2 {
is overoptimistic} Bxe5 15. Qxe5 Nf3+ 16. Bxf3 Bxf3 17. Bb2 f6 18. Qe3 Qc6 $44
{and the pressure on the long /^ is rather irritating for White.}) 14... exd4
15. Qf4 b6 $11 ({but not} 15... c6 $2 16. Bxc6 $1)) 13... Bh3 14. Bh1 $6 {
avoiding the exchange of the light-squared bishops is not a good strategy here.
} (14. Nd2 $142 $11) 14... Rfe8 15. Ng5 (15. Nd2 $2 {is strongly answered by}
Nd4 $1) 15... Bxg5 ({Now} 15... Nd4 {is not that strong because of the
cold-blooded} 16. Rb2 $13) 16. Qxg5 Be6 17. c4 $2 {This move weakens the
important central square d4.} (17. Rb2 {White has to avoid the weakening of
his position.} Bd5 18. Bxd5 Qxd5 19. Qg4 $11) 17... Nd4 $17 {Now Black gets
closer and closer to the weakness on f3.} 18. Rb2 Bg4 $1 19. Qe3 $8 Qa4 $6 (
19... Qf5 $1 {was the consequent reply in order to continue the -> against
><f3.} 20. f4 $5 (20. Bxb7 $2 {founders on} Rxb7 $1 21. Rxb7 Nf3+ (21... Bf3 $2
{falls into the trap after} 22. Qxe5 $1) 22. Kf1 (22. Kh1 Nxe1 $19) 22... Nxh2+
23. Kg1 Nf3+ 24. Kf1 Qh5 $19) (20. Be4 Qh5 $17) (20. Rxb7 Rxb7 {crisper than} (
20... Nxc2 21. Rxb8 $1 Rxb8 22. Qxa7 Rf8 23. Be4 Qh5 24. Rf1 Nd4 $1 $44) 21.
Qxd4 $1 Bf3 $1 22. Bxf3 Qxf3 23. Rxe5 Rbb8 24. Bb2 f6 25. Rxe8+ Rxe8 26. Qd5+
Qxd5 27. cxd5 Re2 28. Bd4 a6 $1 $19 {with a totally winning _|_.}) 20... Qh5 {
and the weaknesses on the light squares begin to tell.} 21. fxe5 Ne2+ 22. Rxe2
Bxe2 $17) 20. f3 {Now White can cover his weaknesses on the >>.} Bd7 21. Qf2
Bc6 22. c3 Ne6 $5 {Black sacrifices his e P for some activity.} (22... Nf5 23.
Rbe2 $1 Qa5 $1 $13 (23... f6 $2 24. f4 $16)) 23. Rxe5 Nc5 $1 24. Rxe8+ (24.
Qxc5 $2 {leaves the back rank unattended:} Qd1+ 25. Kf2 Qxh1 $19) (24. Rxc5 {
is also punished by the same way.} Qd1+ 25. Kg2 Qxc1 $17) 24... Rxe8 25. Rd2
Qa5 $1 26. Bb2 $1 (26. d4 $2 Na4 $1 (26... Qxc3 27. Bb2) 27. d5 Qxc3 28. dxc6
Qxc1+ 29. Kg2 bxc6 $17) 26... Qxa2 27. Qxc5 Qb1+ 28. Kg2 Re1 29. Ba3 $1 {
Who comes first?} h6 30. Qf8+ Kh7 31. Qxf7 Rxh1 32. Qf5+ Kh8 33. Qf8+ Kh7 34.
Qf5+ {White has to keep the perpetual.} Kh8 1/2-1/2